[Event "Barcelona Vila de Gracia op 25th"]
[Site "Barcelona"]
[Date "2021.10.08"]
[Round "2"]
[White "Catarineu Morales, Alex"]
[Black "Volart Buil, Jordi"]
[Result "0-1"]
[WhiteElo "2079"]
[BlackElo "1710"]
[PlyCount "102"]
[EventDate "2021.10.01"]
[EventType "swiss"]
[EventRounds "9"]
[EventCountry "ESP"]
[SourceTitle "EXT 2023"]
[Source "ChessBase"]
[SourceDate "2022.10.05"]
[SourceVersion "1"]
[SourceVersionDate "2022.10.05"]
[SourceQuality "1"]

1. e4 e5 2. Nf3 Qe7 3. Bc4 h6 4. 0-0 Nf6 5. d4 d6 6. h3 c6 7. b3 g5 8. dxe5 dxe5 9. Ba3 Qc7 10. Bb2 Nbd7 11. a4 Bc5 12. Nbd2 0-0 13. Ne1 Re8 14. Qf3 Kg7 15. Be2 Nf8 16. Nd3 Bd6 17. Nc4 Ng6 18. Ne3 Nh4 19. Qg3 Nxe4 20. Qh2 f6 21. Nc4 Ng6 22. f3 Nc5 23. g3 Nxd3 24. Bxd3 Bc5+ 25. Kh1 Be6 26. Nd2 Bd4 27. Bxd4 exd4 28. f4 Bd5+ 29. Kg1 Re3 30. Nc4 Re7 31. fxg5 fxg5 32. Qf2 Re6 33. Rae1 Rf8 34. Rxe6 Bxe6 35. Qxd4+ Kg8 36. Rxf8+ Nxf8 37. Kh2 c5 38. Qe3 b6 39. Ne5 Bf7 40. Ng4 Qd6 41. Bf5 Kg7 42. Qc3+ Qd4 43. Qxd4+ cxd4 44. Be4 Nd7 45. Kg2 h5 46. Nf2 Kf6 47. Kf3 Be6 48. h4 Nc5 49. Bc6 Bf5 50. Ne4+ Bxe4+ 51. Bxe4 g4+ 0-1

[Event "Barcelona Tres Peons"]
[Site "Barcelona"]
[Date "2021.09.20"]
[Round "1"]
[White "Brusi Noguera, Ricardo Ll"]
[Black "Catarineu Morales, Alex"]
[Result "1/2-1/2"]
[WhiteElo "2099"]
[BlackElo "2079"]
[PlyCount "90"]
[EventDate "2021.09.20"]
[EventType "tourn"]
[EventRounds "9"]
[EventCountry "ESP"]
[SourceTitle "EXT 2023"]
[Source "ChessBase"]
[SourceDate "2022.10.05"]
[SourceVersion "1"]
[SourceVersionDate "2022.10.05"]
[SourceQuality "1"]

1. d4 d5 2. c4 e6 3. Nf3 c6 4. e3 Bd6 5. b3 Qe7 6. Bb2 f5 7. Bd3 Nf6 8. 0-0 0-0 9. Nc3 Ne4 10. Ne2 Nd7 11. Ne5 c5 12. f3 Nef6 13. Qe1 b6 14. Rd1 Bb7 15. Nf4 Rae8 16. Qh4 g6 17. Rfe1 Qg7 18. Qg5 Bc7 19. Nxd7 Nxd7 20. cxd5 exd5 21. Bb5 Bd8 22. Qg3 Bf6 23. Nh5 gxh5 24. Qxg7+ Bxg7 25. Bxd7 Re7 26. Bb5 a6 27. Bd3 b5 28. Kf2 Rc7 29. Rc1 c4 30. Ba3 Rff7 31. Bc2 a5 32. Bc5 Rxc5 33. dxc5 f4 34. bxc4 fxe3+ 35. Rxe3 Bd4 36. cxb5 Re7 37. Rce1 Bxc5 38. Bb3 Kg7 39. a4 Kf6 40. Bc2 h4 41. g3 h5 42. f4 hxg3+ 43. hxg3 Bb6 44. Bd3 Bc5 45. Bc2 Bb6 1/2-1/2

[Event "Barcelona Vila de Gracia op 23rd"]
[Site "Barcelona"]
[Date "2019.12.13"]
[Round "8"]
[White "Catarineu Morales, Alex"]
[Black "Estepa Fonseca, Omar Maria"]
[Result "1-0"]
[WhiteElo "1940"]
[BlackElo "2010"]
[PlyCount "79"]
[EventDate "2019.10.11"]
[EventType "swiss"]
[EventRounds "9"]
[EventCountry "ESP"]
[SourceTitle "CBM 194 Extra"]
[Source "ChessBase"]
[SourceDate "2020.03.31"]
[SourceVersion "1"]
[SourceVersionDate "2020.03.31"]
[SourceQuality "1"]

1. e4 c5 2. Nf3 g6 3. c4 Nc6 4. d4 cxd4 5. Nxd4 Nf6 6. Nc3 Nxd4 7. Qxd4 d6 8. Be3 Bg7 9. f3 0-0 10. Qd2 Be6 11. Rc1 Qa5 12. Be2 Rfc8 13. b3 a6 14. 0-0 b5 15. cxb5 axb5 16. Rc2 b4 17. Na4 Rxc2 18. Qxc2 Rc8 19. Qd2 Nd7 20. f4 f5 21. exf5 Bxf5 22. Bd3 Nf6 23. Bxf5 gxf5 24. Rd1 Ne4 25. Qd3 e6 26. Rc1 Rxc1+ 27. Bxc1 Qc7 28. Be3 d5 29. g3 d4 30. Bd2 Nc3 31. Qa6 Kf7 32. Nb6 Qc6 33. Qa7+ Kg6 34. Nc4 Qf3 35. Bxc3 bxc3 36. Qe7 Qd5 37. Nd6 h6 38. Qf7+ Kh7 39. Ne8 c2 40. Qxg7# 1-0

[Event "Barcelona Tey op-A 1st"]
[Site "Barcelona"]
[Date "2019.10.23"]
[Round "3.7"]
[White "Catarineu Morales, Alex"]
[Black "Madrid Sole, Antonio"]
[Result "1/2-1/2"]
[WhiteElo "1940"]
[BlackElo "1800"]
[PlyCount "105"]
[EventDate "2019.10.09"]
[EventType "swiss"]
[EventRounds "9"]
[EventCountry "ESP"]
[SourceTitle "EXT 2024"]
[Source "ChessBase"]
[SourceDate "2023.10.10"]
[SourceVersion "1"]
[SourceVersionDate "2023.10.10"]
[SourceQuality "1"]

1. e4 e6 2. d4 d5 3. Nd2 dxe4 4. Nxe4 Bd7 5. Nf3 Bc6 6. Bd3 Nd7 7. 0-0 Ndf6 8. Nxf6+ Nxf6 9. c3 Be7 10. Ne5 Qd5 11. f3 Bb5 12. Bxb5+ Qxb5 13. a4 Qd5 14. b4 0-0 15. Bb2 Qd8 16. Qb3 Nd5 17. a5 a6 18. Nd3 Bd6 19. f4 Ne3 20. Rf3 Nf5 21. Qc2 c6 22. c4 Be7 23. Qc3 Bf6 24. Ne5 Nh4 25. Rh3 Ng6 26. Qf3 Nh4 27. Qh5 h6 28. Kh1 Bxe5 29. fxe5 Ng6 30. Rg3 Qh4 31. Qf3 Rad8 32. Rg4 Qe7 33. Ba3 Qd7 34. b5 Rfe8 35. bxa6 bxa6 36. Bc5 Ne7 37. Rb1 Rb8 38. Rb6 Rxb6 39. axb6 Ng6 40. h4 Rb8 41. h5 Ne7 42. Rxg7+ Kxg7 43. Qf6+ Kg8 44. Bxe7 Qxd4 45. Qxh6 Qa1+ 46. Kh2 Qxe5+ 47. g3 Qe2+ 48. Kh3 Qf1+ 49. Kh4 Qh1+ 50. Kg4 Qe4+ 51. Kh3 Qh1+ 52. Kg4 Qe4+ 53. Kh3 1/2-1/2

[Event "Llinars del Valles op 5th"]
[Site "Llinars del Valles"]
[Date "2013.10.25"]
[Round "4"]
[White "Catarineu Morales, Alex"]
[Black "Ayats Llobera, Gerard"]
[Result "1/2-1/2"]
[WhiteElo "2055"]
[BlackElo "2157"]
[PlyCount "87"]
[EventDate "2013.10.04"]
[EventType "swiss"]
[EventRounds "8"]
[EventCountry "ESP"]
[SourceTitle "CBM 157 Extra"]
[Source "ChessBase"]
[SourceDate "2013.12.19"]
[SourceVersion "1"]
[SourceVersionDate "2013.12.19"]
[SourceQuality "1"]

1. e4 e5 2. d4 exd4 3. Qxd4 Nc6 4. Qe3 Nf6 5. Nc3 Be7 6. Bd2 d5 7. exd5 Nxd5 8. Qf3 Nd4 9. Qxd5 Nxc2+ 10. Kd1 Nxa1 11. Qxd8+ Bxd8 12. Nf3 Bf5 13. Nd4 Bg6 14. Bb5+ c6 15. Nxc6 a6 16. Re1+ Kd7 17. Ne5+ Kc8 18. Bd7+ Kb8 19. Nxg6 hxg6 20. Nd5 Rh5 21. Bf4+ Ka7 22. Re5 g5 23. Be3+ b6 24. Ne7 Rxh2 25. Bc6 Bc7 26. Rd5 Rd8 27. Bd7 Rdh8 28. Nc6+ Kb7 29. Nb4 a5 30. Bc6+ Kb8 31. Na6+ Kc8 32. Bd7+ Kb7 33. Nxc7 Kxc7 34. Bxg5 Rh1+ 35. Kd2 b5 36. Bf4+ Kd8 37. Bxb5+ Ke7 38. Bd6+ Ke6 39. Bc4 f5 40. Bc7 R8h4 41. f4 Rg1 42. Rd3+ Ke7 43. Bd6+ Kf6 44. Be5+ 1/2-1/2

[Event "Llinars del Valles op 5th"]
[Site "Llinars del Valles"]
[Date "2013.10.11"]
[Round "2"]
[White "Riera Morilla, Elizabeth"]
[Black "Catarineu Morales, Alex"]
[Result "0-1"]
[WhiteElo "2133"]
[BlackElo "2055"]
[PlyCount "94"]
[EventDate "2013.10.04"]
[EventType "swiss"]
[EventRounds "8"]
[EventCountry "ESP"]
[SourceTitle "CBM 157 Extra"]
[Source "ChessBase"]
[SourceDate "2013.12.19"]
[SourceVersion "1"]
[SourceVersionDate "2013.12.19"]
[SourceQuality "1"]

1. e4 c5 2. Nc3 Nc6 3. g3 g6 4. Bg2 Bg7 5. d3 d6 6. Be3 Nf6 7. h3 0-0 8. Qd2 a6 9. Nge2 e5 10. f4 Nd4 11. g4 b5 12. f5 b4 13. Nd1 Ne8 14. Ng3 Qh4 15. Kf2 Bf6 16. c3 bxc3 17. bxc3 Nb5 18. a4 Nbc7 19. g5 Bd8 20. Bf3 gxf5 21. exf5 d5 22. f6 Kh8 23. Kg2 Rg8 24. Qf2 Rb8 25. Ne4 Qxf2+ 26. Nexf2 Bxf6 27. h4 Be7 28. d4 cxd4 29. cxd4 e4 30. Bh5 f6 31. Nh3 fxg5 32. Nxg5 h6 33. Bf7 Rg7 34. Nf2 hxg5 35. hxg5+ Rh7 36. g6 Rxh1 37. Rxh1+ Kg7 38. Rh7+ Kf6 39. Bf4 Bd6 40. Bh6 Bf5 41. Bxe8 Nxe8 42. Ra7 Kxg6 43. Bc1 a5 44. Rxa5 Rb1 45. Be3 Rb3 46. Bc1 e3 47. Nh3 e2 0-1

[Event "Barcelona Ateneu Colon op 7th"]
[Site "Barcelona"]
[Date "2012.04.11"]
[Round "4"]
[White "Pares Peris, Jordi"]
[Black "Catarineu Morales, Alex"]
[Result "1/2-1/2"]
[WhiteElo "2149"]
[BlackElo "1949"]
[PlyCount "39"]
[EventDate "2012.03.14"]
[EventType "swiss"]
[EventRounds "9"]
[EventCountry "ESP"]
[SourceTitle "EXT 2013"]
[Source "ChessBase"]
[SourceDate "2012.11.22"]
[SourceVersion "1"]
[SourceVersionDate "2012.11.22"]
[SourceQuality "1"]

1. d4 d5 2. c4 e5 3. dxe5 d4 4. Nf3 Nc6 5. g3 Bg4 6. Nbd2 Qd7 7. Bg2 Nge7 8. 0-0 Ng6 9. b4 Bxb4 10. Rb1 0-0 11. a3 Bxd2 12. Bxd2 b6 13. Qb3 Rad8 14. Bg5 Rb8 15. Rfd1 Ngxe5 16. Qb5 Nxf3+ 17. exf3 a6 18. Qa4 Bf5 19. Rbc1 Rfe8 20. c5 1/2-1/2

[Event "Llinars del Valles Tardor op 2nd"]
[Site "Llinars del Valles"]
[Date "2010.10.29"]
[Round "7"]
[White "Catarineu Morales, Alex"]
[Black "Mas Recorda, Pere"]
[Result "1/2-1/2"]
[WhiteElo "1925"]
[BlackElo "1987"]
[PlyCount "93"]
[EventDate "2010.09.17"]
[EventType "swiss"]
[EventRounds "9"]
[EventCountry "ESP"]
[SourceTitle "EXT 2012"]
[Source "ChessBase"]
[SourceDate "2011.11.24"]
[SourceVersion "1"]
[SourceVersionDate "2011.11.24"]
[SourceQuality "1"]

1. e4 e6 2. d4 d5 3. Nc3 Bb4 4. e5 c5 5. a3 Bxc3+ 6. bxc3 Ne7 7. Qg4 Nf5 8. Bd3 h5 9. Qg5 Qxg5 10. Bxg5 cxd4 11. Bxf5 exf5 12. cxd4 b6 13. Nf3 Ba6 14. Kd2 Kd7 15. Rhe1 Nc6 16. Ke3 Rhe8 17. Kf4 Rac8 18. Kxf5 Re6 19. Bh4 Ne7+ 20. Bxe7 g6+ 21. Kf4 Kxe7 22. Rec1 Rec6 23. Ne1 Rc3 24. Rcb1 Ke6 25. h4 Be2 26. Rb3 Rxb3 27. cxb3 Rc3 28. b4 Rb3 29. f3 Rc3 30. Kg3 Kf5 31. Kf2 Bc4 32. a4 a6 33. Rb1 Ra3 34. a5 Ra2+ 35. Kg3 b5 36. f4 Re2 37. Nf3 f6 38. Re1 Re4 39. Rxe4 dxe4 40. Ne1 Bb3 41. Kf2 Kxf4 42. g3+ Kf5 43. exf6 Kxf6 44. Ng2 Bd5 45. Ke3 Kf5 46. Nf4 Bf7 47. Ne2 1/2-1/2

[Event "Llinars del Valles op 3rd"]
[Site "Llinars del Valles"]
[Date "2009.05.23"]
[Round "6"]
[White "Ruiz Font, Elisabet"]
[Black "Catarineu Morales, Alex"]
[Result "1-0"]
[WhiteElo "1829"]
[BlackElo "1893"]
[PlyCount "43"]
[EventDate "2009.04.18"]
[EventType "swiss"]
[EventRounds "7"]
[EventCountry "ESP"]
[SourceTitle "EXT 2011"]
[Source "ChessBase"]
[SourceDate "2010.11.26"]
[SourceVersion "1"]
[SourceVersionDate "2010.11.26"]
[SourceQuality "1"]

1. e4 e5 2. Nc3 Nc6 3. Bc4 g6 4. d3 Bg7 5. f4 d6 6. Nf3 exf4 7. Bxf4 Nf6 8. Qd2 h6 9. 0-0-0 g5 10. Be3 Bg4 11. Rdf1 Qd7 12. Nd4 Ne7 13. h4 gxh4 14. Rxh4 Ng6 15. Bxh6 d5 16. Bb3 Ng8 17. Bxg7 Rxh4 18. Bxd5 Be6 19. Bxb7 Qd8 20. Nxe6 fxe6 21. Bc6+ Ke7 22. Bxa8 1-0

[Event "Llinars del Valles op 3rd"]
[Site "Llinars del Valles"]
[Date "2009.04.18"]
[Round "1"]
[White "Catarineu Morales, Alex"]
[Black "Lopez Perdomo, Juan David"]
[Result "0-1"]
[WhiteElo "1893"]
[BlackElo "2135"]
[PlyCount "66"]
[EventDate "2009.04.18"]
[EventType "swiss"]
[EventRounds "7"]
[EventCountry "ESP"]
[SourceTitle "EXT 2011"]
[Source "ChessBase"]
[SourceDate "2010.11.26"]
[SourceVersion "1"]
[SourceVersionDate "2010.11.26"]
[SourceQuality "1"]

1. e4 e6 2. d4 d5 3. e5 c5 4. c3 Nc6 5. Nf3 a6 6. Be2 Nge7 7. Na3 cxd4 8. cxd4 Nf5 9. Nc2 h5 10. Ne3 Be7 11. Nxf5 exf5 12. a3 g5 13. h3 Rg8 14. Nh2 h4 15. b4 Be6 16. Bb2 Qd7 17. f3 f6 18. f4 g4 19. Nf1 fxe5 20. dxe5 d4 21. Rc1 b5 22. hxg4 fxg4 23. Bd3 Qd5 24. Qe2 Qd7 25. f5 Bd5 26. f6 h3 27. Be4 d3 28. f7+ Kxf7 29. Qf2+ Ke8 30. Nd2 Bg5 31. Bxd5 Qxd5 32. Qc5 Qxc5 33. Rxc5 hxg2 0-1